| 000 | 00684nam a2200241Ia 4500 | ||
|---|---|---|---|
| 003 | OSt | ||
| 005 | 20220918181317.0 | ||
| 006 | a|||||r|||| 00| 0 | ||
| 007 | ta | ||
| 008 | 220917b |||||||| |||| 00| 0 eng d | ||
| 024 | _a26,630 | ||
| 037 | _cTextual | ||
| 040 |
_aARTS _cARTS _beng |
||
| 041 |
_2eng _aeng |
||
| 082 | _aO111,3:g (Q:3), L6 | ||
| 100 |
_aSelby Thomas G. _958353 |
||
| 245 | 0 |
_aTecology of modern fiction _b Being the 26th fernley lecture |
|
| 260 |
_aLondon _bCharles H Kelly UK _c1976 |
||
| 300 |
_aiv, 192p. _ccm. |
||
| 650 | _aENGLISH LITERATURE | ||
| 942 |
_hO111,3:g (Q:3), L6 _cTEXL _2CC |
||
| 999 |
_c165177 _d165177 |
||